MARC

LEADER 00000nas a2200000 i 4500
001 ssj0001078071
003 WaSeSS
005 20200512172242.0
006 m d
007 cr n
008 140108c20uu9999ru a| p|s|||||| |0rus d
035 |a (WaSeSS)ssj0001078071 
040 |a WaSeSS  |b eng  |c WaSeSS  |d WaSeSS 
041 |a rus  |a eng 
050 1 4 |a AM1 
245 0 0 |a Voprosy Muzeologii  |h [electronic resource]. 
260 |a Saint Petersburg, Russia :  |b Saint Petersburg State University, Department of History Periodicals 
310 |a Annual 
506 |a License restrictions may limit access. 
546 |a In Russian and English. 
588 |a Description based on: 2012; title from title screen (ProQuest, viewed Jan. 8, 2014). 
588 |a Latest issue consulted: 2013 (viewed Jan. 8, 2014). 
650 0 |a Museums  |v Periodicals. 
650 0 |a Museum techniques  |v Periodicals. 
655 0 |a Electronic journals. 
856 4 0 |z Full text available from Research Library: 07/01/2012 to 12/31/2016  |u https://search.proquest.com/publication/2029682 
856 4 0 |z Full text available from Research Library: 01/01/2018 to present  |u https://search.proquest.com/publication/2029682